000 005760000a22001810004500
003 MACL
005 20160410120450.0
008 160410b xxu||||| |||| 00| 0 eng d
040 _aMACL
_cMACL
041 _aHindi
082 _a500
100 _aडॉ अश्‍वनी दत्‍ता
_951613
245 _aवायरस मित्र भी शत्रु भी
260 _bभारत ज्ञान विज्ञान प्रकाशन
_c1998
_aदिल्‍ली
350 _a125
650 _aPure Sci.
_940184
942 _cHIN
_k500
_2ddc
999 _c18562
_d18562